Klicke die Stan-Länder auf einer Karte an - Statistiken

Allgemein
  • Dieses Quiz wurde 477 mal gespielt
  • Das Durchschnittsergebnis liegt bei 6 aus 7
Antworten auf der Karte
Die Antworten werden auf der Karte rot bzw. grün angezeigt, abhängig davon wie oft sie richtig erraten wurden.
 
Antwortstatistiken
Antwort % Korrekt
Kasachstan
97%
Pakistan
95%
Afghanistan
89%
Kirgisistan
87%
Usbekistan
85%
Turkmenistan
82%
Tadschikistan
81%
Keine übereinstimmenden Quizze gefunden
Verteilung der Resultate
Anzahl Personen mit jedem Resultat
Perzentil nach korrekt beantworteten Fragen
Ihre Resultats-Entwicklung
Sie haben dieses Quiz noch nicht gespielt